000 00750nam a2200241Ia 4500
003 OSt
005 20220925180927.0
006 a|||||r|||| 00| 0
007 ta
008 220923b |||||||| |||| 00| 0 eng d
020 _a9781773612140
_c11520.00
037 _b92, 26/02/2019, Better Book Service
_cGeneral Book
040 _aRTL
_cRTL
_beng
041 _2eng
_aeng
082 _aX:9.1, Q9
100 _aNTABENI-BHEBE Faith
_9252333
245 0 _aGlobal human resources management.
260 _aCanada
_bSociety Publishing
_c2019
300 _axv, 283p
_ccm.
500 _aBibliography: p 341-357
942 _hX:9.1, Q9
_cGB
_2CC
999 _c497860
_d497860